Variability of shelf life and some quality traits of tomatillo fruit (physalis ixocarpa brot.) estimated from f2 generation / (Record no. 15739)

MARC details
000 -LEADER
fixed length control field 01017nam a22002537a 4500
003 - CONTROL NUMBER IDENTIFIER
control field BD-DhSAU
005 - DATE AND TIME OF LATEST TRANSACTION
control field 20220305130206.0
008 - FIXED-LENGTH DATA ELEMENTS--GENERAL INFORMATION
fixed length control field 210929b |||||||| |||| 00| 0 eng d
040 ## - CATALOGING SOURCE
Original cataloging agency BD-DhSAU
082 ## - DEWEY DECIMAL CLASSIFICATION NUMBER
Edition number 22
Classification number 581.35
Item number Is41
100 ## - MAIN ENTRY--PERSONAL NAME
Personal name ISLAM, MD. MOSABBIRUL
Relator term Registration No.:# 18-09247
245 ## - TITLE STATEMENT
Title Variability of shelf life and some quality traits of<br/>tomatillo fruit (physalis ixocarpa brot.) estimated from <br/>f2 generation<br/><br/> /<br/>
Remainder of title Ms Thesis
260 ## - PUBLICATION, DISTRIBUTION, ETC. (IMPRINT)
Place of publication, distribution, etc. Sher-e-Bangla Agricultural University ;
Name of publisher, distributor, etc. DEPARTMENT OF GENETICS AND PLANT BREEDING;
Date of publication, distribution, etc. 2020;
300 ## - PHYSICAL DESCRIPTION
Extent ix;
Other physical details 71p.;
Dimensions 30cm.;
500 ## - GENERAL NOTE
General note Including Index.;
590 ## - Name of Cataloguer
Name of Cataloger Nazmul
600 ## - SUBJECT ADDED ENTRY--PERSONAL NAME
Fuller form of name shelf life
610 ## - SUBJECT ADDED ENTRY--CORPORATE NAME
Corporate name or jurisdiction name as entry element tomatillo fruit (physalis ixocarpa brot.)
650 ## - SUBJECT ADDED ENTRY--TOPICAL TERM
Source of heading or term estimated from f2 generation
700 ## - ADDED ENTRY--PERSONAL NAME
Personal name Prof. Dr. Naheed Zeba
Relator term Supervisor
710 ## - ADDED ENTRY--CORPORATE NAME
Corporate name or jurisdiction name as entry element Prof. Dr. Mohammad Saiful Islam
Relator term Co-Supervisor
856 ## - ELECTRONIC LOCATION AND ACCESS
Link text Online Access
Uniform Resource Identifier <a href=" http://archive.saulibrary.edu.bd:8080/xmlui/handle/123456789/3641"> http://archive.saulibrary.edu.bd:8080/xmlui/handle/123456789/3641</a>
942 ## - ADDED ENTRY ELEMENTS (KOHA)
Source of classification or shelving scheme Dewey Decimal Classification
Koha item type MS Level Thesis
Holdings
Withdrawn status Lost status Source of classification or shelving scheme Damaged status Not for loan Collection code Home library Branch Name Date acquired Total Checkouts Full call number Barcode Date last seen Price effective from Koha item type
    Dewey Decimal Classification   Not For Loan Reference SAU Library SAU Library 05/03/2022   581.35 Is41 43206 05/03/2022 05/03/2022 MS Level Thesis